| 000 | 01338nam a22002775i 4500 | ||
|---|---|---|---|
| 001 | 167309 | ||
| 003 | ES-MaACL | ||
| 005 | 20250818063111.0 | ||
| 008 | 010307q18701925sp af |||| | spa d | ||
| 040 |
_aCAM _bspa _cCAM |
||
| 100 | 1 |
_aVerne, Jules, _d1828-1905 _9188654 |
|
| 245 | 1 | 0 |
_aNorte contra Sur / _cobra escrita en francés por Julio Verne ; versión española. |
| 250 | _aEd. il. con grab. | ||
| 260 |
_aMadrid : _bSáenz de Jubera, Hermanos, _c[s.a.] ( _fEstablecimiento tipográfico "Sucesores de Rivadeneyra") |
||
| 300 |
_a4 v. : _bil. ; _c28 cm. |
||
| 490 | 1 | _aObras Completas de Julio Verne | |
| 594 | _aEn las ports de los cuadernos tercero y cuarto, consta : Edición ilustrada con más de cien grabados por Benett y un mapa. | ||
| 596 | _aSegún el Catalogo Colectivo del Patrimonio Bibliográfico Español del Siglo XIX, Sáenz de Jubera, hermanos ejercen entre 1892-1895. | ||
| 597 | _aTexto a dos col. | ||
| 597 | _aCada una de las partes con port. y pag. propias. | ||
| 597 | _aT.I. (61 p.) -- T.II. (63 p.) -- T.III. (62 p. ) -- T.IV. (61p.) | ||
| 700 | 1 |
_aBénett, Léon, _d1839-1916 _927541 |
|
| 830 | 0 | 0 |
_aObras completas de Julio Verne ilustradas con grabados _9222615 |
| 852 |
_aES-MaACL _jB-12394(9-12) _z-- Enc. ed. en tela roja con planchas polícromas |
||
| 999 |
_c167309 _d167309 |
||